Top 100 Wrestlers With The Most Championship Wins In WWE - Statistics

General Stats
  • This quiz has been taken 188 times
  • The average score is 58 of 102
Answer Stats
Championships Won Reigns Wrestler % Correct
4. WWE World Heavyweight ChampionshipWorld Heavyweight Championship WWE United States Championship WWE World Tag Team Championship WWE Tag Team Championship x25 John Cena
97%
19. WWE Raw Women's ChampionshipWWE SmackDown Women's Championship WWE Divas Championship WWE NXT Women's Championship WWE Women's Tag Team Championship x17 Charlotte Flair
92%
93. WWF World Heavyweight ChampionshipWWE Intercontinental Championship WWE World Tag Team Championship x6 Ric Flair
91%
55. WWE ChampionshipWWE Universal Championship WWE Intercontinental Championship WWE United States Championship WWE Tag Team Championship x9 Roman Reigns
91%
30. WWE Undisputed World Heavyweight ChampionshipWWF World Heavyweight Championship World Heavyweight Championship WWF World Tag Team Championship WWF Hardcore Championship x14 The Undertaker
91%
7. WWE World Heavyweight ChampionshipWWF Undisputed World Heavyweight Championship WWF World Heavyweight Championship World Heavyweight Championship WWE Intercontinental Championship WWF Intercontinental Championship WWE World Tag Team Championship WWF World Tag Team Championship Unified WWE Tag Team Championship WWF European Championship x24 Triple H
91%
2. WWE Heavyweight ChampionshipWorld Heavyweight Championship WWE Intercontinental Championship WWF Intercontinental Championship WWE World Tag Team Championship WWF World Tag Team Championship WWE Tag Team Championship Unified WWE Tag Team Championship WCW United States Championship x31 Edge
90%
18. WWE Heavyweight ChampionshipWWF World Heavyweight Championship WCW World Heavyweight Championship WWF Intercontinental Championship WWF World Tag Team Championship x17 The Rock
90%
16. WWF World Heavyweight ChampionshipWorld Heavyweight Championship WWF Intercontinental Championship WWE World Tag Team Championship WWF World Tag Team Championship WWE Tag Team Championship WWF Hardcore Championship WWE 24/7 Championship ECW Heavyweight Championship WCW World Tag Team Championship x19 Kane
88%
14. WWE ChampionshipWorld Heavyweight Championship WWE Intercontinental Championship WWE United States Championship WWE World Tag Team Championship WWE Raw Tag Team Championship WWE SmackDown Tag Team Championship x20 Randy Orton
88%
31. WWF World Heavyweight ChampionshipWorld Heavyweight Championship WWF Intercontinental Championship WWE World Tag Team Championship WWF World Tag Team Championship Unified WWE Tag Team Championship WWF European Championship x14 Shawn Michaels
88%
20. WWE ChampionshipWWE Universal Championship WWE World Heavyweight Championship WWE NXT Championship WWE Intercontinental Championship WWE United States Championship WWE Tag Team Championship WWE Raw Tag Team Championship x16 Seth Rollins
87%
75. WWE Undisputed World Heavyweight ChampionshipWWF World Heavyweight Championship WWE World Tag Team Championship x7 Hulk Hogan
86%
36. WWF World Heavyweight ChampionshipWWF Intercontinental Championship WWF World Tag Team Championship Million Dollar Championship x13 "Stone Cold" Steve Austin
85%
13. WWE ChampionshipWWE Intercontinental Championship WWE United States Championship WWE World Tag Team Championship WWE Tag Team Championship Unified WWE Tag Team Championship WWE Raw Tag Team Championship WWE SmackDown Tag Team Championship x21 The Miz
85%
8. WWF Undisputed World Heavyweight ChampionshipWorld Heavyweight Championship WCW World Heavyweight Championship WWE Intercontinental Championship WWF Intercontinental Championship WWE United States Championship WWE World Tag Team Championship WWF World Tag Team Championship WWE Tag Team Championship Unified WWE Tag Team Championship WWF European Championship WWF Hardcore Championship x24 Chris Jericho
84%
21. WWE Heavyweight ChampionshipWorld Heavyweight Championship WWE Intercontinental Championship WWE United States Championship WWE Tag Team Championship WWE SmackDown Tag Team Championship WWE Cruiserweight Championship x16 Rey Mysterio
84%
1. WWE United States Championship WWE Tag Team ChampionshipWWE Raw Tag Team Championship
WWF Hardcore Championship WWE 24/7 Championship
x59 R-Truth
83%
15. World Heavyweight ChampionshipWWF Intercontinental Championship WWE Intercontinental Championship WWE World Tag Team Championship WWF World Tag Team Championship WWF European Championship WWF Hardcore Championship WWF Light Heavyweight Championship ECW Heavyweight Championship x20 Christian
82%
76. WWE World Championship WWE Intercontinental Championship WWE United States Championship WWE Raw Tag Team Championship x7 Dean Ambrose
81%
23. ECW Heavyweight ChampionshipWWE United States Championship WWE World Tag Team Championship WWF World Tag Team Championship WWE Tag Team Championship WWE Raw Tag Team Championship WWE SmackDown Tag Team Championship WWF European Championship WWE Cruiserweight Championship WWF Hardcore Championship x16 Matt Hardy
81%
17. WWE Heavyweight Championship WWF World Heavyweight ChampionshipWorld Heavyweight Championship WWE Intercontinental Championship WWE United States Championship WWE World Tag Team Championship WWF World Tag Team Championship Unified WWE Tag Team Championship WWE Tag Team Championship WWE Hardcore Championship WWF Hardcore Championship ECW Heavyweight Championship x18 The Big Show
81%
45. WWE ChampionshipWWE Universal Championship x10 Brock Lesnar
80%
9. WWE Heavyweight ChampionshipWorld Heavyweight Championship WWE Intercontinental Championship WWF Intercontinental Championship WWE United States Championship WWE World Tag Team Championship WWF World Tag Team Championship WWE Raw Tag Team Championship WWE SmackDown Tag Team Championship WWE European Championship WWE Hardcore Championship WWF Hardcore Championship WWF Light Heavyweight Championship WCW Tag Team Championship x23 Jeff Hardy
80%
47. WWE Heavyweight ChampionshipWWE Intercontinental Championship WWF Intercontinental Championship WWE United States Championship WWE Tag Team Championship WWF European Championship x10 Eddie Guerrero
79%
10. WWE ChampionshipWWE Intercontinental Championship WWE United States Championship WWE World Tag Team Championship WWE Tag Team Championship WWE Raw Tag Team Championship WWE SmackDown Tag Team Championship WWE NXT Tag Team Championship x22 Kofi Kingston
77%
44. WWF World Heavyweight ChampionshipWWF Intercontinental Championship WWF World Tag Team Championship WWE United States Championship x10 Bret Hart
76%
81. WWF Intercontinental ChampionshipWWF World Tag Team Championship WWF European Championship x7 Owen Hart
76%
48. WWE Heavyweight ChampionshipWorld Heavyweight Championship WWE World Tag Team Championship WWE Tag Team Championship x10 Batista
74%
39. WWF World Heavyweight ChampionshipWWF World Tag Team Championship WWF Hardcore Championship x12 Mick Foley
74%
40. WWE ChampionshipWWE NXT Championship
WWE Intercontinental Championship
WWE Tag Team Championship WWE Raw Tag Team Championship WWE SmackDown Tag Team Championship
x12 Big E
73%
84. WWE Tag Team ChampionshipWWE Cruiserweight Championship x7 Chavo Guerrero
73%
65. WWE Heavyweight ChampionshipWorld Heavyweight Championship WWE Intercontinental Championship WWE World Tag Team Championship ECW Heavyweight Championship x8 CM Punk
73%
52. WWE Tag Team ChampionshipWWE Raw Tag Team Championship
WWE SmackDown Tag Team Championship
x10 Jey Uso
71%
72. WWE Tag Team Championship
WWE Raw Tag Team Championship
WWE SmackDown Tag Team Championship
x8 Jimmy Uso
71%
41. WWE Heavyweight Championship WWF World Heavyweight ChampionshipWorld Heavyweight Championship WWF Intercontinental Championship WWE Tag Team Championship WWF European Championship WWF Hardcore Championship WCW World Heavyweight Championship WCW United States Championship x11 Kurt Angle
71%
24. WWF Intercontinental ChampionshipWWE World Tag Team Championship WWE Tag Team Championship WWF Hardcore Championship x16 Goldust
70%
43. WWE Championship Undisputed WWE Universal Championship WWE Intercontinental ChampionshipWWE World Tag Team Championship WWE Tag Team Championship WWE Raw Tag Team Championship WWE SmackDown Tag Team Championship x11 Cody Rhodes
69%
38. WWE World Heavyweight ChampionshipWorld Heavyweight Championship WWE United States Championship WWE Raw Tag Team Championship WWE SmackDown Tag Team Championship x12 Sheamus
69%
12. WWE World Tag Team ChampionshipWWF World Tag Team Championship
WWE Tag Team Championship WCW Tag Team Championship WWE Hardcore Championship WWF Hardcore Championship
x21 Bubba Ray Dudley
68%
26. World Heavyweight ChampionshipWWE NXT Championship WWE Intercontinental Championship WWE United States Championship WWE World Tag Team Championship WWE Raw Tag Team Championship WWE SmackDown Tag Team Championship x15 Dolph Ziggler
68%
37. World Heavyweight ChampionshipWWF Intercontinental Championship WWE Intercontinental Championship WWE United States Championship WWE World Tag Team Championship WWF World Tag Team Championship WWE Tag Team Championship WWF Light Heavyweight Championship x13 Chris Benoit
67%
53. WWE World Tag Team ChampionshipWWF World Tag Team Championship
WWE Tag Team Championship WCW Tag Team Championship
x10 D-Von Dudley
67%
58. WWE Universal ChampionshipWWE NXT Championship WWE Intercontinental Championship WWE United States Championship WWE Raw Tag Team Championship WWE SmackDown Tag Team Championship x9 Kevin Owens
67%
46. WWE Raw Women's ChampionshipWWE SmackDown Women's Championship WWE NXT Women's Championship WWE Women's Tag Team Championship x10 Sasha Banks
67%
42. WWF World Tag Team ChampionshipWWE European Championship WWE Cruiserweight Championship WWE Hardcore Championship WWF Hardcore Championship x11 Spike Dudley
67%
66. WWE Raw Women's ChampionshipWWE SmackDown Women's Championship WWE NXT Women's Championship WWE Women's Tag Team Championship x8 Becky Lynch
66%
32. World Heavyweight ChampionshipWCW World Heavyweight Championship WWE Intercontinental Championship WWE United States Championship WCW United States Championship WWE World Tag Team Championship WWF World Tag Team Championship WCW Tag Team Championship WWF Hardcore Championship x14 Booker T
65%
54. WWE Tag Team ChampionshipWWE Raw Tag Team Championship WWE SmackDown Tag Team Championship x10 Xavier Woods
65%
91. WWE Raw Women's Championship
WWE SmackDown Women's Championship
WWE NXT Women's Championship
WWE Women's Tag Team Championship
x7 Bayley
63%
49. WWE Universal ChampionshipWWE NXT Championship WWE Intercontinental Championship WWE United States Championship WWE Raw Tag Team Championship WWE SmackDown Tag Team Championship x10 Finn Balor
62%
22. WWE Heavyweight ChampionshipECW World Heavyweight Championship WWE Intercontinental Championship WWF Intercontinental Championship WWE World Tag Team Championship WWE Tag Team Championship WWE European Championship WWE Hardcore Championship WWF Hardcore Championship x16 Rob Van Dam
62%
57. WWE ChampionshipWWE Intercontinental Championship WWE United States Championship ECW World Heavyweight Championship x9 Bobby Lashley
61%
56. WWE Heavyweight ChampionshipWorld Heavyweight Championship WWE Intercontinental Championship WWE United States Championship WWE Tag Team Championship WWE SmackDown Tag Team Championship x9 Daniel Bryan
61%
89. WWE ChampionshipWorld Heavyweight Championship
WWE NXT Championship
WWE Intercontinental Championship
WWE Tag Team Championship WWE Raw Tag Team Championship
x7 Drew McIntyre
61%
90. WWE NXT ChampionshipWWE Intercontinental Championship WWE Raw Tag Team Championship WWE SmackDown Tag Team Championship x7 Sami Zayn
60%
77. WWE ChampionshipWWE Intercontinental Championship WWE United States Championship WWE Raw Tag Team Championship x7 AJ Styles
59%
6. WWF World Tag Team ChampionshipWWF European Championship WWF Light Heavyweight Championship WWE Hardcore Championship WWF Hardcore Championship x25 Crash Holly
58%
62. WWE World Tag Team Championship WWF World Tag Team ChampionshipWWF Hardcore Championship x9 Hardcore Holly
58%
5. WWE Heavyweight ChampionshipWWE Intercontinental Championship WWE United States Championship WWF World Tag Team Championship WWF European Championship WWE Hardcore Championship WWF Hardcore Championship x25 John Bradshaw Layfield
58%
3. WWF Hardcore Championship x27 Raven
53%
80. WWF World Tag Team ChampionWWF North American Heavyweight Champion WWE 24/7 Champion Million Dollar Champion x7 Ted DiBiase
53%
94. WWE Heavyweight ChampionshipWorld Heavyweight Championship WWE United States Championship x6 Alberto Del Rio
51%
67. WWE Women's ChampionshipWWF Women's Championship WWE Hardcore Championship x8 Trish Stratus
51%
33. WWF Intercontinental ChampionshipWWE World Tag Team Championship WWF World Tag Team Championship WWE Tag Team Championship WWF Hardcore Championship x14 Billy Gunn
50%
51. ECW Heavyweight Championship WWE Intercontinental ChampionshipWWE World Tag Team Championship WWE Tag Team Championship x10 John Morrison
48%
27. WWE Intercontinental ChampionshipWWF Intercontinental Championship WWE World Tag Team Championship WWE European Championship WWF European Championship WWF Hardcore Championship x15 William Regal
48%
60. WWF World Tag Team ChampionshipWWF European Championship WCW Cruiserweight Championship WWF Light Heavyweight Championship x9 X-Pac
48%
70. WWF Intercontinental ChampionshipWWF World Tag Team Championship WWE Tag Team Championship WWF Hardcore Championship x8 Road Dogg
46%
98. WWF Intercontinental ChampionshipWWF World Tag Team Championship WWF European Championship WWF Hardcore Championship WCW Tag Team Championship x6 Test
46%
68. WWE United States Championship
WWE Tag Team Championship
WWE Raw Tag Team Championship
WWE SmackDown Tag Team Championship
x8 Cesaro
44%
79. WWE NXT Championship WWE Intercontinental ChampionshipWWE United States Championship WWE SmackDown Tag Team Championship x7 Shinsuke Nakamura
44%
28. ECW Heavyweight ChampionshipWWE Hardcore Championship WWF Hardcore Championship x15 Tommy Dreamer
44%
61. WWE Raw Women's ChampionshipWWE SmackDown Women's Championship WWE Women's Tag Team Championship WWE 24/7 Championship x9 Alexa Bliss
43%
59. WWE Women's ChampionshipWWE Raw Women's Championship WWE SmackDown Women's Championship WWE NXT Women's Championship WWE NXT Tag Team Championship x9 Asuka
43%
50. WWE Intercontinental ChampionshipWWE United States Championship WWE Tag Team Championship WWE Raw Tag Team Championship WWE 24/7 Championship x10 Shelton Benjamin
42%
78. WWF Intercontinental ChampionshipWWF World Tag Team Championship WWF European Championship WWF Hardcore Championship x7 The British Bulldog
42%
96. WWE Intercontinental Championship x6 Wade Barrett
38%
69. WWF Intercontinental ChampionshipWWF World Tag Team Championship WWF European Championship x8 Jeff Jarrett
37%
97. WWE NXT ChampionshipWWE United States Championship WWE Raw Tag Team Championship WWE SmackDown Tag Team Championship WWE 24/7 Championship x6 Robert Roode
35%
92. World Heavyweight Championship WWE United States ChampionshipWWE Raw Tag Team Championship WWE SmackDown Tag Team Championship WWE NXT North American Championship x7 Damian Priest
34%
71. WWF World Tag Team ChampionshipWWF European Championship WWF Hardcore Championship x8 Al Snow
32%
95. WWE Women's ChampionshipWWE Divas Championship x6 Mickie James
32%
64. WWE Women's Tag Team ChampionshipWWE 24/7 Championship x9 Tamina
31%
34. WWE Raw Women's ChampionshipWWE Women's Tag Team Championship WWE 24/7 Championship x14 Nikki Cross
28%
82. WWE World Tag Team ChampionshipWWE European Championship WWF European Championship WWE Cruiserweight Championship WWE Hardcore Championship WWF Hardcore Championship x7 The Hurricane
28%
25. WWE Cruiserweight ChampionshipWWE 24/7 Championship x16 Akira Tozawa
27%
74. WWE 24/7 Championship x8 Drake Maverick
26%
83. WWE Tag Team ChampionshipWWE Cruiserweight Championship WWF Light Heavyweight Championship WCW United States Championship x7 Tajiri
21%
63. WWE NXT Cruiserweight ChampionshipWWE 24/7 Championship x9 Drew Gulak
20%
101. WWF Hardcore Championship x6 Steve Blackman
20%
35. WWE 24/7 Championship x14 Dana Brooke
19%
100. WWE Raw Tag Team Championship
WWE SmackDown Tag Team Championship
WWE NXT Tag Team Championship
WWE 24/7 Championship
x6 Scott Dawson
18%
99. WWE Raw Tag Team ChampionshipWWE SmackDown Tag Team Championship WWE NXT Tag Team Championship WWE 24/7 Championship x6 Dash Wilder
16%
11. WWE Hardcore ChampionshipWWF Hardcore Championship x22 Steven Richards
16%
102. WWE NXT Women's ChampionshipWWE Women's Tag Team Championship WWE NXT Women's Tag Team Championship x6 Raquel Rodriguez
13%
85. WWE 24/7 Championship x7 Mojo Rawley
9%
29. WWF Hardcore ChampionshipWWE Hardcore Championship x15 Shawn Stasiak
9%
73. WWE Hardcore ChampionshipWWF Hardcore Championship x8 Justin Credible
8%
86. WWWF United States Heavyweight Championship x7 Bobo Brazil
4%
87. WWF Light Heavyweight Championship x7 Perro Aguayo
3%
88. WWF Light Heavyweight Championship x7 Villano III
3%
No matching quizzes found
Score Distribution
Percent of People with Each Score
Percentile by Number Answered
Your Score History
You have not taken this quiz